00891nam a2200157Ia 4500008004100000020001900041050002100060100002900081245006300110260003200173300004200205500003300247504005200280505038200332650001900714121028s9999 xx 000 0 und d a968-18-1279-4. aQA76bF4718 1993 aFitzgerald, JerryeAutor aFundamentos de comunicación de datosc/ Jerry Fitzgerald aMéxicob: Noriegac, 1993 a275 pág.b; il., diagramasc: 23cm. aIncluye Índice y Glosario. aIncluye Referencias Bibliograficas. (p.263-266) aI. Introducción a las comunicaciones de datos II. Conceptos fundamentales de comunicaciones III. Mecamática de las comunicaciones de datos IV. Conceptos de configuración de redes y técnicas de control V. Detección y corrección de errores VI. Programática de las comunicaciones de datos VII. Portadoras comunes y aranceles VIII. Diseño de redes de comunicaciones 0aCOMUNICACIÓN